[Event "11th Meurthe Festival"]
[Site "Nancy FRA"]
[Date "2013.03.09"]
[Round "9.1"]
[White "Gharamian, Tigran"]
[Black "Bacrot, Etienne"]
[Result "1/2-1/2"]
[WhiteTitle "GM"]
[BlackTitle "GM"]
[WhiteElo "2660"]
[BlackElo "2705"]
[WhiteFideId "13301527"]
[BlackFideId "605506"]
[EventDate "2013.03.09"]

1. e4 e5 2. Nf3 Nc6 3. Bb5 Nf6 4. O-O Nxe4 5. Qe2 Nd6 6. Bxc6 dxc6 7. Qxe5+ Qe7
8. Qa5 Qd8 9. Qe5+ Qe7 10. Qa5 Qd8 11. Qe5+ Qe7 12. Qa5 Qd8 13. Qe5+ Qe7 1/2-1/2

[Event "11th Meurthe Festival"]
[Site "Nancy FRA"]
[Date "2013.03.09"]
[Round "9.2"]
[White "Istratescu, Andrei"]
[Black "Naiditsch, Arkadij"]
[Result "1/2-1/2"]
[WhiteTitle "GM"]
[BlackTitle "GM"]
[WhiteElo "2651"]
[BlackElo "2706"]
[WhiteFideId "1200372"]
[BlackFideId "4650891"]
[EventDate "2013.03.09"]

1. d4 Nf6 2. c4 e6 3. Nc3 Bb4 4. Qc2 O-O 5. a3 Bxc3+ 6. Qxc3 d5 7. Nf3 dxc4 8.
Qxc4 b6 9. Bg5 Ba6 10. Qc2 c5 11. Rd1 cxd4 12. Rxd4 Qc8 13. Qxc8 Rxc8 14. Bxf6
gxf6 15. e3 Bxf1 16. Rxf1 Nc6 17. Rg4+ Kf8 18. Rh4 Kg7 19. Rg4+ Kf8 20. Rh4 Kg7
21. Rg4+ Kf8 22. Rh4 Kg7 23. Rg4+ Kf8 24. Ng1 1/2-1/2

[Event "11th Meurthe Festival"]
[Site "Nancy FRA"]
[Date "2013.03.09"]
[Round "9.4"]
[White "David, Alberto"]
[Black "Postny, Evgeny"]
[Result "0-1"]
[WhiteTitle "GM"]
[BlackTitle "GM"]
[WhiteElo "2586"]
[BlackElo "2627"]
[WhiteFideId "4000013"]
[BlackFideId "2804344"]
[EventDate "2013.03.09"]

1. b3 d5 2. Bb2 Nf6 3. Nf3 c6 4. g3 Bg4 5. Bg2 Nbd7 6. d3 Bxf3 7. Bxf3 e6 8. Nd2
Bd6 9. Bg2 Qe7 10. a3 O-O 11. O-O Be5 12. d4 Bc7 13. c4 Rad8 14. Qc2 Rfe8 15.
Rfe1 Nf8 16. e3 e5 17. cxd5 Nxd5 18. e4 Nf6 19. Nf3 Ng6 20. h3 Nd7 21. Rad1 Bb6
22. Kh1 h6 23. Rd2 exd4 24. Nxd4 Qc5 25. Qd1 Ndf8 26. b4 Qg5 27. h4 Nxh4 28.
gxh4 Qxh4+ 29. Kg1 Ng6 30. Qf3 Ne5 31. Qc3 Qg5 32. Red1 Rd6 33. Nf5 Rg6 34. Qh3
Nc4 35. Bc1 Nxd2 36. Bxd2 Qf6 37. Bc3 Qg5 38. Qf3 Rd8 39. Rxd8+ Qxd8 40. Kf1 Qg5
41. Bb2 Kh7 42. Bh3 Qg1+ 43. Ke2 Qb1 44. Qc3 Rg1 45. Ng3 Qd1# 0-1